000 01304nam a2200121Ia 4500
008 220615s9999||||xx |||||||||||||| ||und||
245 0 _aEnergy-Water Nexus
546 _aEnglish[eng]
650 _awaste heat recovery||absorption cooling||water–energy nexus||steelworks||TRNSYS||non-equilibrium molecular dynamics||deformed carbon nanotubes||deformed boron nitride nanotubes||water transport||diffusion||Z-distortion||XY-distortion||screw distortion||oil/water separation||superhydrophilic/underwater-superoleophobic membranes||opposite properties||superhydrophobicity/superoleophilicity||selective wettability||micro/nanoscale composite structure||virtual water network||inter-provincial electricity transmission||structural decomposition analysis||electricity-water nexus||cooling tower||response surface model||water||power plant||decarbonization||energy concepts||long-term energy storage||power-to-gas||power-to-X||wastewater treatment||anaerobic digestion||water-energy nexus||demand response||energy consumption optimization||multi-objective model||urban water system||local water supply||electricity demand||index decomposition analysis
700 _aColmenar Santos, Antonio||Borge Diez, David||Rosales Asensio, Enrique
856 _uhttps://mdpi.com/books/pdfview/book/3400
942 _cEB
999 _c15226
_d15226